Qualitative Inorganic Analysis Chemistry
| Main Authors: | , |
|---|---|
| Format: | Section = Libro |
| Language: | Undetermined Spanish |
| Published: |
United States
Prentice Hall
1983
|
| Subjects: |
| LEADER | 00532nam a2200205Ia 4500 | ||
|---|---|---|---|
| 008 | 240830s9999 xx 000 0 und d | ||
| 020 | |a 0-13-127549-6 | ||
| 040 | |a CEDOC FIQ-RUSB / 543 B77 | ||
| 041 | |a spa | ||
| 082 | |a 543 B77 | ||
| 100 | 1 | |a Brown, Theodore L | |
| 100 | 1 | |b Lemay Jr, Eugene H. | |
| 245 | 1 | 0 | |a Qualitative Inorganic Analysis Chemistry |
| 260 | |a United States |b Prentice Hall |c 1983 | ||
| 300 | |a 144 p.: il. | ||
| 650 | 7 | |a QUÍMICA ANALíTICA | |
| 650 | 7 | |b COLOIDES | |
| 942 | |c BK |2 ddc | ||
| 991 | |a TEXTO | ||
| 999 | |c 13710 | ||